Top 5 European Leagues Top Assisters: 2013/14 - Statistics

General Stats
  • This quiz has been taken 2 times
  • The average score is 20 of 31
Answer Stats
League Assists Club Nationality Player % Correct
La Liga 12 Barcelona Chile Alexis Sanchez
100%
La Liga 18 Real Madrid Argentina Angel Di Maria
100%
La Liga 12 Real Sociedad Mexico Carlos Vela
100%
Premier League 10 Manchester City Spain David Silva
100%
Serie A 10 Roma Italy Francesco Totti
100%
Bundesliga 12 Bayern Munich France Franck Ribery
100%
La Liga 13 Real Madrid Wales Gareth Bale
100%
Serie A 10 Roma Ivory Coast Gervinho
100%
La Liga 12 Sevilla Croatia Ivan Rakitic
100%
Serie A 10 Napoli Italy Lorenzo Insigne
100%
Premier League 13 Liverpool Uruguay Luis Suarez
100%
Bundesliga 14 Borussia Dortmund Germany Marco Reus
100%
Premier League 10 Arsenal Germany Mesut Ozil
100%
Serie A 10 Juventus France Paul Pogba
100%
Bundesliga 12 Hoffenheim Brazil Roberto Firmino
100%
Premier League 13 Liverpool England Steven Gerrard
100%
Bundesliga 11 Bayern Munich Germany Thomas Muller
100%
Premier League 10 Manchester United England Wayne Rooney
100%
La Liga 14 Barcelona Spain Cesc Fabregas
50%
Bundesliga 11 Borussia Monchengladbach Germany Max Kruse
50%
Primeira Liga 8 Benfica Argentina Nico Gaitan
50%
Premier League 10 Southampton England Rickie Lambert
50%
Primeira Liga 9 Braga Brazil Alan
0%
Serie A 11 Torino Italy Alessio Cerci
0%
Bundesliga 12 Stuttgart Romania Alexandru Maxim
0%
La Liga 14 Atletico Madrid Spain Coke
0%
Primeira Liga 8 Maritimo Brazil Derley
0%
Primeira Liga 9 Estoril Brazil Evandro
0%
Serie A 11 Hellas Verona Italy Luca Toni
0%
La Liga 12 Athletic Bilbao Spain Markel Susaeta
0%
Primeira Liga 8 Benfica Spain Rodrigo
0%
No matching quizzes found
Score Distribution
Percent of People with Each Score
Percentile by Number Answered
Your Score History
You have not taken this quiz